| 000 | 01194naa a22003257a 4500 | ||
|---|---|---|---|
| 001 | BR8105121 | ||
| 003 | BR-BrBNA | ||
| 005 | 20240918174828.0 | ||
| 007 | ta | ||
| 008 | 230509b bl.||||| |||| 00| 0 por d | ||
| 040 |
_aBR-BrBNA _bpor _cBiblioteca Nacional de Agricultura |
||
| 041 | _a(Pt) | ||
| 072 |
_aE70; M10 _b8520 |
||
| 090 | _aE70 BR8105121 | ||
| 100 | 1 | _aBessa, S. | |
| 111 | 1 |
_a2. Simposio Brasileiro sobre Aquicultura; 2. Encontro Nacional de Ranicultores _cJaboticabal, SP (Brazil) _d1980 |
|
| 245 | 1 | _aDifusao da ranicultura [ra, mercado internacional, mercado nacional] | |
| 260 | 3 |
_aBrasilia, DF (Brasil): _c1981. |
|
| 500 | _aAnais do 2. Simposio Brasileiro sobre Aquicultura e do 2. Encontro Nacional de Ranicultores Brasilia, DF (Brasil): 1981. p. 179-190 (BR8105121-AM)E70 | ||
| 650 | _aRA | ||
| 650 | _aCRIACAO | ||
| 650 | _aMERCADO | ||
| 650 | _aOFERTA | ||
| 650 | _aDEMANDA | ||
| 650 | _aCONSUMO | ||
| 650 | _aEXPORTACAO | ||
| 773 | 0 |
_tAnais do 2. Simposio Brasileiro sobre Aquicultura e do 2. Encontro Nacional de Ranicultores _wE70 BR8105121 _gBrasilia, DF (Brasil), 1981. p. 179-190 |
|
| 909 |
_a202404 _bLucia _c55 _dLucia Elande |
||
| 942 |
_cAM _2AGRIS |
||
| 999 |
_c313850 _d313850 |
||